01140nam a2200289 i 4500003000900000005001700009007000300026008004100029040003000070082002100100100004600121245013600167264008100303300002900384336002700413337003400440338002800474590002700502650001800529650002500547650003300572650003400605910001400639942001400653952016600667999001700833DO-SdBNP20241021100507.0ta241021s1957 cu 000 0 spa d aDO-SdBNPbspacBNPHUerda a972.91bS237222 4aut.aSantovenia, Emeterio S94532eautor10aEmeterio S. Santovenia :bsu labor académica : homenaje al cumplir cincuenta años de trabajar en las letras cubanas 1907-1957 / 1aLa Habana :bAcademia de la Historia de Cuba, bImprenta El Siglo XX,c1957. a546 páginas, c28 cm. atextobtxt2rdacontent asin mediación bn2rdamedia avolumenbnc2rdacarrier aInventariado, 2024/ YL 4aMantua986733 4aPinar del Rio986734 4aIndependencia de Cuba986735 4aHistoria local de Cuba986736 aYLockward 2ddccLBS1 00102ddc51708GR-RVaBNPHUbBNPHUcCTd1980-03-24eCompra Federico Henríquez y Carvajall0oBNPHU RV-GR 972.91 S237p2024-6010r2024-10-21w2024-10-21yLBS1 c57921d57921